000 00813nam a22002057a 4500
003 BD-DhUL
005 20211103104943.0
008 210920s2021 bg ||||| |||| 00| 0 ben
020 _a9789848044452 (hbk)
040 _aBD-DhUL
_cBD-DhUL
082 _a954.92
_bBAN
245 1 0 _aবাঙালি জাতীয়তাবাদ ও বঙ্গবন্ধু /
_cসম্পাদনায় সুরমা জাহিদ ।
260 _aঢাকা :
_bবিশ্বসাহিত্য ভবন,
_c২০২১ ।
300 _a৪০০ পৃ. ;
_c২২ সেমি.
365 _aBDT
_b650.00
651 4 _aবাংলাদেশ
_xইতিহাস ।
651 4 _aBangladesh
_xHistory.
700 1 _aজাহিদ, সুরমা
_eসম্পা.
942 _2ddc
_cBK
999 _c254493
_d254493